Ancient China / (Record no. 3809)

MARC details
000 -LEADER
fixed length control field 01523cam a2200385 a 4500
001 - CONTROL NUMBER
control field 3809
003 - CONTROL NUMBER IDENTIFIER
control field FISKH
005 - DATE AND TIME OF LATEST TRANSACTION
control field 20240510101858.0
008 - FIXED-LENGTH DATA ELEMENTS--GENERAL INFORMATION
fixed length control field 081124s2010 nyuab j b 001 0 eng
010 ## - LIBRARY OF CONGRESS CONTROL NUMBER
LC control number 2008051267
020 ## - INTERNATIONAL STANDARD BOOK NUMBER
International Standard Book Number 9780531252253
020 ## - INTERNATIONAL STANDARD BOOK NUMBER
International Standard Book Number 0531252256
020 ## - INTERNATIONAL STANDARD BOOK NUMBER
International Standard Book Number 9780531241066 (pbk.)
020 ## - INTERNATIONAL STANDARD BOOK NUMBER
International Standard Book Number 0531241068 (pbk.)
035 ## - SYSTEM CONTROL NUMBER
System control number (OCoLC)ocn277086175
040 ## - CATALOGING SOURCE
Original cataloging agency DLC
Transcribing agency DLC
Modifying agency BTCTA
-- ZQP
-- AZD
-- DLC
Language of cataloging eng
043 ## - GEOGRAPHIC AREA CODE
Geographic area code a-cc---
050 00 - LIBRARY OF CONGRESS CALL NUMBER
Classification number DS741.65
Item number .F75 2010
082 00 - DEWEY DECIMAL CLASSIFICATION NUMBER
Classification number 951
Edition number 22
100 1# - MAIN ENTRY--PERSONAL NAME
Personal name Friedman, Mel,
Dates associated with a name 1946-
245 10 - TITLE STATEMENT
Title Ancient China /
Statement of responsibility, etc. Mel Friedman.
260 ## - PUBLICATION, DISTRIBUTION, ETC.
Place of publication, distribution, etc. New York :
Name of publisher, distributor, etc. Scholastic,
Date of publication, distribution, etc. 2010
300 ## - PHYSICAL DESCRIPTION
Extent 48 pages :
Other physical details color illustrations ;
Dimensions 22 cm
490 1# - SERIES STATEMENT
Series statement A true book
504 ## - BIBLIOGRAPHY, ETC. NOTE
Bibliography, etc. note Includes bibliographical references (p. 44-45) and index.
505 0# - FORMATTED CONTENTS NOTE
Formatted contents note Central kingdom -- Heroes and history -- The golden age of thought -- The big truth! : tomb warriors -- The creative spirit -- Everyday life -- Strangers at the gates.
520 ## - SUMMARY, ETC.
Summary, etc. Provides information about ancient China, discussing structures, significant individuals, schools of thought, everyday life, and other related topics.
651 #0 - SUBJECT ADDED ENTRY--GEOGRAPHIC NAME
Geographic name China
General subdivision Civilization
Chronological subdivision To 221 B.C.
Form subdivision Juvenile literature.
651 #0 - SUBJECT ADDED ENTRY--GEOGRAPHIC NAME
Geographic name China
General subdivision Civilization
Chronological subdivision 221 B.C.-960 A.D.
Form subdivision Juvenile literature.
651 #0 - SUBJECT ADDED ENTRY--GEOGRAPHIC NAME
Geographic name China
General subdivision Civilization
Chronological subdivision 960-1644
Form subdivision Juvenile literature.
651 #0 - SUBJECT ADDED ENTRY--GEOGRAPHIC NAME
Geographic name China
General subdivision Antiquities
Form subdivision Juvenile literature.
906 ## - LOCAL DATA ELEMENT F, LDF (RLIN)
a 7
b cbc
c orignew
d 1
e ecip
f 20
g y-gencatlg
942 ## - ADDED ENTRY ELEMENTS (KOHA)
Source of classification or shelving scheme Dewey Decimal Classification
Koha item type Books
Suppress in OPAC No
Holdings
Withdrawn status Lost status Source of classification or shelving scheme Damaged status Not for loan Collection Home library Current library Shelving location Date acquired Total Checkouts Full call number Barcode Date last seen Copy number Price effective from Koha item type
    Dewey Decimal Classification     Non-Fiction Footprints International School Library Network Toul Kork Campus Footprints International School Library Network Toul Kork Campus A TK Campus, 4th Floor, Room B401, Non-Fiction Bookcases(7-8) 05/10/2024   FRI 951 DS741.F75 FISTK04788 05/10/2024 1 05/10/2024 Books
    Dewey Decimal Classification     Non-Fiction Footprints International School Library Network Toul Kork Campus Footprints International School Library Network Toul Kork Campus A TK Campus, 4th Floor, Room B401, Non-Fiction Bookcases(7-8) 04/21/2025   FRI 951 DS741.F75 FISTK05549 04/21/2025 3 04/21/2025 Books
    Dewey Decimal Classification     Non-Fiction Footprints International School Library Network Toul Tom Poung Campus Footprints International School Library Network Toul Tom Poung Campus TTP Secondary Non-Fiction Bookshelves 05/10/2024   FRI 951 DS741.F75 FISSE00796 11/28/2024 2 05/10/2024 Books